Loading...
| Beliefs | 1 | 5 | 0 | 0 | 65 | 22 | 108.50 | 3 | 6 | 0.00 | 0.00 |
| History - American | 0 | 4 | 1 | 1 | 35 | 110 | 128.00 | 1 | 4 | 0.00 | 0.00 |
| Science - Physics | 0 | 3 | 1 | 0 | 25 | 87 | 97.33 | 2 | 3 | 0.00 | 0.00 |
| Philosophy | 0 | 2 | 0 | 0 | 20 | 90 | 107.00 | 1 | 1 | 0.00 | 0.00 |
| Chemistry> | 0 | 2 | 0 | 0 | 20 | 113 | 121.00 | 0 | 2 | 0.00 | 0.00 |
| Science - Biology | 0 | 2 | 1 | 0 | 15 | 112 | 112.00 | 2 | 2 | 0.00 | 0.00 |
| British and Commonwealth History | 1 | 0 | 0 | 0 | 15 | 69 | 69.00 | 1 | 1 | 0.00 | 0.00 |
| Other Arts: Visual | 0 | 1 | 0 | 1 | 10 | 130 | 130.00 | 0 | 1 | 0.00 | 0.00 |
| Other Science: Math | 0 | 1 | 0 | 0 | 10 | 108 | 108.00 | 0 | 1 | 0.00 | 0.00 |
| Science - Chemistry | 0 | 1 | 0 | 1 | 10 | 135 | 135.00 | 1 | 1 | 0.00 | 0.00 |
| 0 | 1 | 0 | 0 | 10 | 122 | 122.00 | 0 | 1 | 0.00 | 0.00 | |
| Fine Arts - Auditory | 1 | 0 | 1 | 0 | 10 | 66 | 66.00 | 1 | 1 | 0.00 | 0.00 |
| Fine Arts - Visual | 0 | 1 | 0 | 1 | 10 | 132 | 132.00 | 0 | 1 | 0.00 | 0.00 |
| History - World | 0 | 1 | 0 | 0 | 10 | 119 | 119.00 | 1 | 1 | 0.00 | 0.00 |
| Literature - British | 0 | 1 | 0 | 0 | 10 | 93 | 93.00 | 1 | 1 | 0.00 | 0.00 |
| Literature - European | 0 | 1 | 0 | 0 | 10 | 126 | 126.00 | 1 | 1 | 0.00 | 0.00 |
| Other Academic | 0 | 1 | 0 | 0 | 10 | 101 | 101.00 | 1 | 1 | 0.00 | 0.00 |